Départements de Provence-Alpes-Côte d'Azur (carte) - Statistiques

Statistiques générales
  • Ce quiz a été pris 5 882 fois
  • Le résultat moyen est 5 sur 6
Réponses sur la Carte
Les réponses sont colorées sur une échelle allant du rouge au vert en fonction du pourcentage des utilisateurs qui les ont devinées à leur premier essai. Vous pouvez retrouver ces pourcentages ci-dessous.
 
Statistiques - réponses
Départements % Correct
06 Alpes-Maritimes
86%
83 Var
86%
13 Bouches-du-Rhône
83%
05 Hautes-Alpes
82%
84 Vaucluse
75%
04 Alpes-de-Haute-Provence
64%
Aucun quiz correspondant
Distribution des résultats
% des personnes avec chaque résultat
Percentile par nombre de réponses
Votre historique - résultats
Vous n’avez pas pris ce quiz